00478 2200193 4500001002100000005001500021008004100036020001800077035001900095041000700114082000800121090001400129100001500143245003300158260002600191300002600217500001100243650003000254INLIS00000000000329220241224112709241224||||||||| | ||| |||| || |  a979-24-5674-0 0010-1224003292 aid0 a810 a810 AGU h0 aAgus Salim00aHaji Oemar Said Cokroaminoto aBandungbJembarc2007 a68 hlm.; ilus.: 20 cm aCet. 1 0aIlmu Sejarah dan Biografi